<?xml version="1.0" encoding="UTF-8"?>
<record
    xmlns:xsi="http://www.w3.org/2001/XMLSchema-instance"
    xsi:schemaLocation="http://www.loc.gov/MARC21/slim http://www.loc.gov/standards/marcxml/schema/MARC21slim.xsd"
    xmlns="http://www.loc.gov/MARC21/slim">

  <leader>00957nam a22002897a 4500</leader>
  <controlfield tag="005">20111214114748.0</controlfield>
  <controlfield tag="008">111214t        xxu||||| |||| 00| 0 eng d</controlfield>
  <datafield tag="010" ind1=" " ind2=" ">
    <subfield code="a">ENG-104331</subfield>
  </datafield>
  <datafield tag="020" ind1=" " ind2=" ">
    <subfield code="a">9788120344839</subfield>
    <subfield code="c">350.00</subfield>
  </datafield>
  <datafield tag="035" ind1=" " ind2=" ">
    <subfield code="a">EN -87864</subfield>
  </datafield>
  <datafield tag="037" ind1=" " ind2=" ">
    <subfield code="b">DBAD/PUB</subfield>
  </datafield>
  <datafield tag="040" ind1=" " ind2=" ">
    <subfield code="a">DPL</subfield>
    <subfield code="b">Eng</subfield>
  </datafield>
  <datafield tag="082" ind1=" " ind2=" ">
    <subfield code="a">346.54066</subfield>
  </datafield>
  <datafield tag="100" ind1=" " ind2=" ">
    <subfield code="9">36352</subfield>
    <subfield code="a">Bhatia, Nishwan</subfield>
  </datafield>
  <datafield tag="245" ind1=" " ind2=" ">
    <subfield code="a">Corporate and compensation laws /</subfield>
    <subfield code="c">by Nishwan Bhatia [and] Jyotsna sethi</subfield>
  </datafield>
  <datafield tag="260" ind1=" " ind2=" ">
    <subfield code="a">New Delhi</subfield>
    <subfield code="b">PHI Learning</subfield>
    <subfield code="c">2012</subfield>
  </datafield>
  <datafield tag="270" ind1=" " ind2=" ">
    <subfield code="a">M-97, Connaught Circus</subfield>
    <subfield code="b">New Delhi</subfield>
    <subfield code="e">110001</subfield>
  </datafield>
  <datafield tag="300" ind1=" " ind2=" ">
    <subfield code="a">xvi,379p</subfield>
    <subfield code="c">24cm(pbk)</subfield>
  </datafield>
  <datafield tag="500" ind1=" " ind2=" ">
    <subfield code="a">Includes  index</subfield>
  </datafield>
  <datafield tag="600" ind1=" " ind2=" ">
    <subfield code="9">36476</subfield>
  </datafield>
  <datafield tag="610" ind1=" " ind2=" ">
    <subfield code="9">36477</subfield>
  </datafield>
  <datafield tag="650" ind1=" " ind2=" ">
    <subfield code="9">36353</subfield>
  </datafield>
  <datafield tag="650" ind1=" " ind2=" ">
    <subfield code="9">36481</subfield>
  </datafield>
  <datafield tag="700" ind1=" " ind2=" ">
    <subfield code="9">36394</subfield>
    <subfield code="a">Sethi, Jyotsna</subfield>
  </datafield>
  <datafield tag="942" ind1=" " ind2=" ">
    <subfield code="2">ddc</subfield>
    <subfield code="c">EN</subfield>
    <subfield code="m">BHA</subfield>
    <subfield code="h">346.54066</subfield>
  </datafield>
  <datafield tag="999" ind1=" " ind2=" ">
    <subfield code="c">59429</subfield>
    <subfield code="d">59429</subfield>
  </datafield>
  <datafield tag="952" ind1=" " ind2=" ">
    <subfield code="0">0</subfield>
    <subfield code="1">0</subfield>
    <subfield code="2">ddc</subfield>
    <subfield code="4">0</subfield>
    <subfield code="7">1</subfield>
    <subfield code="8">NFIC</subfield>
    <subfield code="a">DBAD</subfield>
    <subfield code="b">DBAD</subfield>
    <subfield code="d">2011-12-14</subfield>
    <subfield code="e">DBAD/PUB</subfield>
    <subfield code="g">350.00</subfield>
    <subfield code="l">0</subfield>
    <subfield code="o">346.54066 BHA</subfield>
    <subfield code="p">EN -87864</subfield>
    <subfield code="r">2011-12-14 00:00:00</subfield>
    <subfield code="t">1</subfield>
    <subfield code="v">350.00</subfield>
    <subfield code="y">EN</subfield>
  </datafield>
</record>
